000 00296nam a22001337a 4500
008 170927b xxu||||| |||| 00| 0 eng d
020 _a9780073125497
041 _aeng
080 _26 ED
_a37
100 _a47
101 _aEDU
245 _aPEAK PERFOMANCE
_cFERRETT.SH.K
942 _2udc
_cBK
999 _c30264
_d30264